Lucha de clases y reconciliación cristiana (Registro nro. 69943)
[ vista simple ]
| 000 -LÍDER | |
|---|---|
| Campo fijo de descripción fija | 01608nab a2200229 i 4500 |
| 001 - NÚMERO DE CONTROL | |
| Campo de control | 768714001 |
| 003 - IDENTIFICADOR DEL NÚMERO DE CONTROL | |
| Campo de control | CO-MdFUSB |
| 005 - FECHA Y HORA DE LA ULTIMA TRANSACCIÓN | |
| control field | 20240528080523.0 |
| 008 - ELEMENTOS DE LONGITUD FIJA -- INFORMACIÓN GENERAL | |
| Campo fijo de descripción fija -- Información general | 240528t1975 sp ||||| |||| 00| 0 spa d |
| 040 ## - FUENTE DE CATALOGACIÓN | |
| Idioma de catalogación | spa |
| Agencia que realiza la transcripción | CO-MdFUSB |
| Agencia que realiza la modificación | CO-MdFUSB |
| 041 ## - CÓDIGO DE IDIOMA | |
| Código de idioma para texto/pista de sonido o título separado | spa |
| 100 ## - ASIENTO PRINCIPAL--NOMBRE PERSONAL | |
| Nombre personal | Durand, Alain, |
| Fechas asociadas con el nombre | 1937- |
| Término relacionador | autor |
| 245 ## - TÍTULO | |
| Título | Lucha de clases y reconciliación cristiana |
| Mención de responsabilidad | / Alain Durand ; traducido por A. Rodríguez |
| 520 ## - NOTA DE RESUMEN, ETC. | |
| Nota de sumario, etc. | Quien reflexione sobre las enseñanzas que desde la aparición de la «doctrina social cristiana» han estado vigentes en las Iglesias descubrirá en ellas una decidida voluntad de fomentar la reconciliación entre los hombres y entre las clases sociales. Según tales enseñanzas, el hombre no nace para vivir en oposición con sus semejantes, y su norma de conducta no puede ser el interés egoísta. Cada hombre, cada clase social debe superar los propios puntos de vista particulares para ajustar su conducta a las exigencias del bien común; la búsqueda de la armonía social va, en efecto, ligada al convencimiento de que en la sociedad existe un bien que es común a todos los hombres, pero que necesita ser defendido y promovido. |
| 650 #7 - ASIENTO SECUNDARIO DE MATERIA - TERMINO TEMÁTICO | |
| Término temático o nombre geográfico como elemento de entrada | Conflicto cultural |
| 9 (RLIN) | 6950 |
| 650 #0 - ASIENTO SECUNDARIO DE MATERIA - TERMINO TEMÁTICO | |
| Término temático o nombre geográfico como elemento de entrada | Vida cristiana |
| 9 (RLIN) | 19 |
| 650 #7 - ASIENTO SECUNDARIO DE MATERIA - TERMINO TEMÁTICO | |
| Término temático o nombre geográfico como elemento de entrada | Reconciliación |
| Subdivisión general | Aspectos religiosos |
| -- | Cristianismo |
| 9 (RLIN) | 2055 |
| 700 ## - ENTR. SECUNDARIA - Nombre Personal (R) | |
| Nombre de persona | Rodríguez, A., |
| Término indicativo de función | traductor |
| 773 0# - ASIENTO DE ITEM FUENTE | |
| Biblionumber | 49450 |
| Itemnumber | 82690 |
| Otro identificador del ítem | R2599 |
| Título | Revista internacional de teología Concilium |
| Número de control del registro | (CO-MdFUSB)8 |
| Número Internacional Normalizado para Publicaciones Seriadas (ISSN) | 0210-1041 |
| Parte(s) relacionada(s) / Volumen., número. (mes año), páginas | Volumen 109, (noviembre, 1975) páginas: 320 - 331 |
| Enumeración y primera página | páginas: 320 |
| 942 ## - TIPO DE MATERIAL (KOHA) | |
| Tipo de Item KOHA | Artículos de Revista |
| 945 ## - INFORMACIÓN LOCAL DEL REGISTRO | |
| Catalogador | Catherine Arias Álvarez - Practicante SENA |
No hay ítems disponibles.
